Berühmte Alexander - Statistiken

Allgemein
  • Dieses Quiz wurde 261 mal gespielt
  • Das Durchschnittsergebnis liegt bei 6 aus 20
Antwortstatistiken
Hinweis Alexander % Korrekt
TV-Richter Alexander Hold
85%
Ex-Handballer und Moderator ("Gefragt-Gejagt", Sportschau) Alexander Bommes
60%
Sänger, erster Sieger von DSDS ("Take me tonight") Alexander Klaws
60%
Astronaut Alexander Gerst
56%
Tennisspieler, Olympiasieger 2021 Alexander Zverev
56%
Fußballtorwart (Paderborn, Schalke, Bayern, Monaco) Alexander Nübel
50%
Fernsehkoch aus Franken Alexander Herrmann
41%
2013-2017 Verkehrsminister Alexander Dobrindt
40%
Forschungsreisender, Verfasser von "Ansichten der Natur" und "Kosmos" Alexander von Humboldt
33%
Ex-Fußballer (u.a. Bayern, Salzburg, Nationalelf), zeitweise erfolgreichter Joker der Bundesliga Alexander Zickler
28%
Fußballtorwart (Freiburg, Bielefeld, Hertha, ab 2022 Schalke) Alexander Schwolow
27%
FDP-Politiker und ehemaliger Vizepräsident des Europäischen Parlaments Alexander Graf Lambsdorff
13%
Sportjournalist und ehemaliger "Judo-Graf" Alexander von der Groeben
13%
YouTuber, Der Dunkle Parabelritter Alexander Prinz
7%
Schauspieler ("München Mord", "Stralsund") Alexander Held
5%
Schauspieler ("Sketch History", "heute-show") Alexander Schubert
5%
Fernsehmoderator (ehemals "Brisant", "ML Mona Lisa" und "Die Stadlshow") Alexander Mazza
3%
Schauspieler ("Goethe!", "Buddy") Alexander Fehling
2%
Sänger ("Bis meine Welt die Augen schließt", "Du"), bekannt durch "X Factor" Alexander Knappe
2%
Sänger von Megaherz und Eisbrecher, Moderator diverser Autosendungen Alexander Wesselsky
2%
Keine übereinstimmenden Quizze gefunden
Verteilung der Resultate
Anzahl Personen mit jedem Resultat
Perzentil nach korrekt beantworteten Fragen
Ihre Resultats-Entwicklung
Sie haben dieses Quiz noch nicht gespielt